[Event "Bahn-chT S+W"]
[Site "Friedrichroda"]
[Date "1997.10.30"]
[Round "6.4"]
[White "Popielas, Hans"]
[Black "Gosch, Dieter"]
[Result "1-0"]
[WhiteElo "1766"]
[BlackElo "1472"]

1.c4 c6 2.Nc3 Nf6 3.e4 d6 4.d4 Bg4 5.Be2 Bxe2 6.Ngxe2 e6 7.O-O Be7 8.d5 exd5
9.exd5 O-O 10.Ng3 Re8 11.Bf4 Bf8 12.Qd2 Qd7 13.Rad1 cxd5 14.Nxd5 Ne4 15.Nxe4 Rxe4
16.b3 Nc6 17.Rfe1 Rae8 18.Rxe4 Rxe4 19.Re1 Rxe1+ 20.Qxe1 Nd8 21.Qe3 b6 22.Qg3 Qe6
23.Qe3 Qxe3 24.Bxe3 Ne6 25.Kf1 f6 26.Ke2 Kf7 27.f3 Ke8 28.Nc3 Nd8 29.Nb5 Nc6
30.Nc7+ Kd7 31.Nd5 Kd8 32.Kd3 Kc8 33.Ke4 Kd7 34.f4 Nd8 35.f5 Nf7 36.Nf4 Be7
37.Kd5 Ne5 38.Bd4 Nc6 39.Bc3 Ne5 40.h3 g5 41.fxg6 Nxg6 42.Nh5 Ne5 43.g4 h6
44.Bd2 Nf7 45.Ng7 Ng5 46.Nf5 Bf8 47.h4 Nf3 48.Bf4 Ne5 49.Bxh6 Bxh6 50.Nxh6 Nf3
51.Nf5 Ne5 52.g5 fxg5 53.hxg5 Ng6 54.Nd4 Ne7+ 55.Ke4 Ke8 56.Nf5 Nc8 57.g6 Kf8
58.Kd5 Kg8 59.Ke6 Kf8 60.Kf6  1-0

[Event "DEN-chT 9798"]
[Site "Denmark"]
[Date "1997.11.02"]
[Round "1"]
[White "Fuglsang, Flemming"]
[Black "Christensen, Tobias"]
[Result "1/2-1/2"]
[WhiteElo "2275"]
[BlackElo "2395"]

1.c4 c6 2.Nf3 d5 3.e3 Nf6 4.d4 Bg4 5.Nc3 e6 6.h3 Bh5 7.g4 Bg6 8.Qb3 b6 9.cxd5 exd5
10.Ne5 Bd6 11.Nxg6 hxg6 12.Bg2 Na6 13.g5 Nh5 14.Bf1 Nc7 15.h4 O-O 16.Bd2 c5
17.dxc5 bxc5 18.O-O-O Rb8 19.Qc2 Qe7 20.Re1 Be5 21.f4 Ng3 22.Rg1 Nxf1 23.Rgxf1 Bxc3
24.Bxc3 Qe4 25.Qxe4 dxe4 26.Be5 Rb7 27.Bxc7 Rxc7 28.Rd1 Rb8 29.Rd2 Kf8 30.f5 gxf5
31.Rxf5 g6 32.Rfd5 c4 33.Rd8+ Rxd8 34.Rxd8+ Ke7 35.Rd4 f5 36.gxf6+ Kxf6 37.Rxe4 c3
38.b3 Rd7 39.Kc2 Rd2+ 40.Kxc3 Rxa2 41.Ra4 Re2 42.Kd4 Rd2+ 43.Ke4 Rd7 44.Ra6+ Kf7
45.Kf4 Rb7 46.e4 Rxb3 47.Rxa7+ Ke6 48.Ra6+ Kf7 49.Rc6 Rh3 50.Rc7+ Ke6 51.Rh7 Rh1
52.Kg5 Rg1+ 53.Kf4 Rh1 54.Ke3 Ke5 55.Re7+ Kf6 56.Rh7  1/2-1/2

[Event "Oberliga Wuert9798"]
[Site "Wuerttemberg"]
[Date "1997.11.09"]
[Round "3"]
[White "Raedeker, Bernd"]
[Black "Rabl, Joerg Stefan"]
[Result "1/2-1/2"]
[WhiteElo "2225"]
[BlackElo "2225"]

1.c4 c6 2.Nf3 Nf6 3.d4 d5 4.e3 e6 5.Bd3 Nbd7 6.O-O Bd6 7.Nbd2 O-O 8.e4 dxe4
9.Nxe4 Nxe4 10.Bxe4 Re8 11.Qc2 h6 12.b3 Nf6 13.Bd3 b6 14.Bb2 Bb7 15.c5 Bc7
16.Rfe1 Nd5 17.a3 Qe7 18.b4 Rac8 19.Rad1 Bb8 20.Bc4 Red8 21.Ba2 Qf6 22.Ne5 Ba6
23.Bb1 g6 24.Bc1 h5 25.h4 Qxh4 26.Nf3 Qg4 27.Re4 Qf5 28.Bg5 Nf6 29.Bxf6 Qxf6
30.Qc1 Re8 31.Rde1 Rcd8 32.cxb6 axb6 33.Qxc6 Rc8 34.Qxb6 Bc4 35.Ne5 Bd5 36.R4e3 Qg5
37.Be4 Bxe5 38.Bxd5 Bf4 39.Re4 Bc7 40.Qb5 Rcd8 41.Bc4 Qxb5 42.Bxb5 Bb6 43.Rd1  1/2-1/2

[Event "AUT-chT2S 9798"]
[Site "Austria"]
[Date "1997.11.15"]
[Round "3"]
[White "Horvath, Gyula"]
[Black "Siklosi, Zoltan"]
[Result "1/2-1/2"]
[WhiteElo "2460"]
[BlackElo "2320"]

1.c4 c6 2.Nf3 d5 3.d4 Nf6 4.Qc2 dxc4 5.Qxc4 Bf5 6.Nc3 e6 7.g3 Be7 8.Bg2 Nbd7
9.O-O O-O 10.Re1 Ne4 11.Bf4 Qb6 12.Nh4 Nd6 13.Bxd6 Bxd6 14.Nxf5 exf5 15.e3 Nf6
16.Rab1 g6 17.b4 a6 18.Rec1 Rac8 19.Qb3 Qc7 20.a4 Qe7 21.d5 cxd5 22.Nxd5 Rxc1+
23.Rxc1 Nxd5 24.Qxd5 Bxb4 25.Qxb7 Qxb7 26.Bxb7 a5 27.Rc7 Re8 28.Bd5 Re7 29.Rc8+ Kg7
30.Bb3 h5 31.Kg2 Rb7 32.Bd5 Rd7 33.Bc4 Bd6 34.Ra8 Rc7 35.Bd5 Bb4 36.Ra6 Rd7
37.Bc4 Rc7  1/2-1/2

[Event "CZE-chT 9798"]
[Site "CZE"]
[Date "1997.11.15"]
[Round "1"]
[White "Cvek, Robert"]
[Black "Salac, Jiri"]
[Result "1-0"]
[WhiteElo "2405"]
[BlackElo "2205"]

1.c4 c6 2.d4 d5 3.Nc3 Nf6 4.Nf3 e6 5.Bg5 Be7 6.e3 Nbd7 7.Rc1 O-O 8.Bd3 dxc4
9.Bxc4 Nd5 10.Bxe7 Qxe7 11.Ne4 N5b6 12.Bb3 e5 13.O-O exd4 14.Qxd4 Nf6 15.Nxf6+ Qxf6
16.Qxf6 gxf6 17.Nd4 Re8 18.Rfd1 Be6 19.Nxe6 fxe6 20.a4 a5 21.e4 Kf7 22.Rd6 Rad8
23.Rcd1 Rxd6 24.Rxd6 Nc8 25.Rd7+ Re7 26.Rd8 Re8 27.Rxe8 Kxe8 28.Bxe6 Nd6
29.f3 Ke7 30.Bb3 b5 31.Kf2 Nb7 32.axb5 cxb5 33.Ke3 Nc5 34.Bg8 h6 35.f4 Na4
36.b3 Nb2 37.Kd2 a4 38.Kc2 a3 39.b4 Kd6 40.g4 Na4 41.h4 Nb2 42.Bb3 Ke7 43.g5 fxg5
44.fxg5 hxg5 45.hxg5  1-0

[Event "BCF-chT 97/98 (4NCL)"]
[Site "GBR"]
[Date "1997.11.22"]
[Round "3"]
[White "Plueg, Andreas"]
[Black "Smith, Andrew Philip"]
[Result "0-1"]
[WhiteElo "2375"]
[BlackElo "2280"]

1.c4 c6 2.Nf3 h6 3.b3 d6 4.Bb2 Bg4 5.d4 Nf6 6.Nbd2 e6 7.g3 Nbd7 8.Bg2 d5
9.O-O Be7 10.Ne1 O-O 11.f3 Bh5 12.Nd3 g5 13.c5 Qc7 14.b4 Ne8 15.Qc2 Ng7 16.Qc3 Bg6
17.e4 Nh5 18.Rae1 Nhf6 19.Ne5 Bh7 20.f4 dxe4 21.Nxe4 Bxe4 22.Bxe4 Nxe4 23.Rxe4 Nf6
24.Re2 Nd5 25.Qf3 Kg7 26.fxg5 Bxg5 27.h4 Bd8 28.Bc1 f5 29.Qh5 Rf6 30.Bg5 hxg5
31.hxg5 Rf7 32.Qh6+ Kg8 33.g6 Rf8 34.Rh2 Bf6 35.Nf7 Rxf7 36.gxf7+ Qxf7 37.Qd2 Qg7
38.Rd1 Kf7 39.Kf2 Rg8 40.Rh3 Qg4 41.Rh7+ Ke8  0-1

[Event "GER-ch"]
[Site "Gladenbach"]
[Date "1997.11.25"]
[Round "9"]
[White "Bode, Wilfried"]
[Black "Gisbrecht, Ewgeni"]
[Result "1/2-1/2"]
[WhiteElo "2400"]
[BlackElo "2400"]

1.c4 c6 2.Nf3 d5 3.e3 Nf6 4.Nc3 a6 5.Be2 b5 6.b3 e6 7.O-O Be7 8.Bb2 Nbd7
9.d4 O-O 10.Qc2 Bb7 11.c5 Qc7 12.a3 a5  1/2-1/2

[Event "AUT-chT2S 9798"]
[Site "Austria"]
[Date "1997.12.07"]
[Round "6"]
[White "Sorg, Bernd"]
[Black "Hafner, Robert"]
[Result "0-1"]
[WhiteElo "2200"]
[BlackElo "2065"]

1.c4 c6 2.b3 d5 3.cxd5 cxd5 4.Bb2 Nf6 5.g3 Nc6 6.Bg2 Bg4 7.Nf3 e6 8.O-O Bd6
9.d3 O-O 10.Nbd2 Qe7 11.h3 Bh5 12.g4 Bg6 13.Nh4 Nxg4 14.Nxg6 fxg6 15.hxg4 Qh4
16.f4 Bc5+ 17.d4 Nxd4 18.e3 Nc2 19.Rf2 Bxe3 20.Qe2 Qxf2+ 21.Qxf2 Bxf2+ 22.Kxf2 Nxa1
23.Bxa1 Rxf4+ 24.Kg3 Rff8 25.Nf3 Rac8 26.Ng5 Rfe8 27.Bd4 a6 28.a4 Rc2 29.b4 Rc4
30.Bc5 h6 31.Nf3 g5 32.Bf1 Rc3 33.a5 e5 34.Kf2 Kf7 35.Ke2 Ke6 36.Bg2 Rc8
37.Bb6 R8c4  0-1

[Event "AUT-chT2O 9798"]
[Site "Austria"]
[Date "1997.12.08"]
[Round "6"]
[White "Rotstein, Arkadij"]
[Black "Haba, Petr"]
[Result "1-0"]
[WhiteElo "2455"]
[BlackElo "2580"]

1.c4 c6 2.b3 d5 3.Bb2 Bf5 4.Nf3 e6 5.g3 h6 6.Bg2 Nf6 7.O-O Be7 8.d3 O-O 9.Nc3 Bh7
10.Re1 Nbd7 11.cxd5 cxd5 12.e4 Nc5 13.Qe2 dxe4 14.dxe4 Nfxe4 15.Nxe4 Bxe4
16.b4 Bxf3 17.Qxf3 Na4 18.Rad1 Qe8 19.Ba1 Bxb4 20.Re4 a5 21.Rg4 g6 22.Qf6 Bc3
23.Bxc3 Nxc3 24.Qxc3 Rd8 25.Rb1 Qd7 26.h4 b6 27.h5 g5 28.Qf6 Qd3 29.Be4 Qe2
30.Rxg5+  1-0

[Event "CZE-chT 9798"]
[Site "CZE"]
[Date "1997.12.14"]
[Round "4"]
[White "David, Pavel"]
[Black "Vavra, Pavel"]
[Result "1/2-1/2"]
[WhiteElo "2415"]
[BlackElo "2340"]

1.c4 c6 2.e4 d5 3.exd5 cxd5 4.cxd5 Nf6 5.Bb5+ Nbd7 6.Nc3 a6 7.Ba4 g6 8.d4 Bg7
9.d6 O-O 10.dxe7 Qxe7+ 11.Nge2 b5 12.Bb3 Re8 13.a3 Bb7 14.O-O Rad8 15.Be3 Ng4
16.Bf4 Nc5 17.h3  1/2-1/2

[Event "Raiffeisen op-A 6th"]
[Site "Aschach"]
[Date "1997.12.27"]
[Round "3"]
[White "Heimberger, Reinhard"]
[Black "Kuczynski, Robert"]
[Result "1/2-1/2"]
[WhiteElo "2260"]
[BlackElo "2495"]

1.c4 c6 2.d4 d5 3.cxd5 cxd5 4.Nf3 Nc6 5.Nc3 Nf6 6.g3 e6 7.Bg2 Be7 8.O-O O-O
9.b3 Bd7 10.Bb2 Qa5 11.Qd2 Rfc8 12.Rfc1 Be8 13.e3 Ba3 14.Ne1 Ne7 15.Nd3 Bxb2
16.Qxb2 Nf5 17.Ne5 Nd6 18.Rc2 Rc7 19.Rac1 Rac8 20.Bf1 Nfe4 21.Nxe4 Nxe4 22.Bd3  1/2-1/2

[Event "Raiffeisen op-A 6th"]
[Site "Aschach"]
[Date "1997.12.27"]
[Round "3"]
[White "Todor, Razvan"]
[Black "Lendwai, Reinhard"]
[Result "1/2-1/2"]
[WhiteElo "2170"]
[BlackElo "2375"]

1.c4 c6 2.e4 d5 3.exd5 cxd5 4.cxd5 Nf6 5.Nc3 Nxd5 6.Nf3 Nc6 7.Bb5 e6 8.O-O Be7
9.d4 O-O 10.Re1 Nxc3 11.bxc3 Bd7 12.Bd3 Bf6 13.Bf4 g6 14.Rb1 b6 15.Qd2  1/2-1/2

[Event "Raiffeisen op-A 6th"]
[Site "Aschach"]
[Date "1997.12.29"]
[Round "5"]
[White "Stanec, Nikolaus"]
[Black "Kuczynski, Robert"]
[Result "1/2-1/2"]
[WhiteElo "2465"]
[BlackElo "2495"]

1.c4 c6 2.d4 d5 3.Nf3 Nf6 4.Nc3 e6 5.Bg5 h6 6.Bxf6 Qxf6 7.e3 Nd7 8.Bd3 dxc4
9.Bxc4 g6 10.O-O Bg7 11.Rc1 O-O 12.Ne4 Qe7 13.Bb3 Rd8 14.Qc2 e5 15.Rfe1 Nf8
16.Nxe5 Bxe5 17.dxe5 Qxe5 18.Nc5 Qe7 19.Qc3 Bf5 20.h3 Be6 21.Nxe6 Nxe6 22.Red1 Nf8
23.Rd4 Rxd4 24.Qxd4 Ne6 25.Bxe6 Qxe6 26.b3 b6 27.Rd1 c5 28.Qf4 h5 29.Qc7 Qc8
30.Qe7 Qe8 31.Qf6 Rc8 32.Rd6 b5 33.Qc3  1/2-1/2

[Event "Rishon Le Ziyyon 9798"]
[Site "Rishon Le Ziyyon"]
[Date "1997.12.29"]
[Round "5"]
[White "Greenfeld, Alon"]
[Black "Kundin, Alexander"]
[Result "1-0"]
[WhiteElo "2540"]
[BlackElo "2305"]

1.c4 c6 2.e4 d5 3.exd5 cxd5 4.d4 Nc6 5.Nc3 Nf6 6.Bg5 e6 7.Nf3 Be7 8.c5 b6
9.Bb5 Bd7 10.Qa4 Qc7 11.cxb6 Qxb6 12.Ne5 Nxe5 13.dxe5 Bxb5 14.Nxb5 Nd7 15.Be3 Bc5
16.Bxc5 Qxc5 17.Nd6+ Ke7 18.Nb7 Qc7 19.Qb4+ Ke8 20.Nd6+ Ke7 21.Nf5+ Kd8 22.Qe7+ Kc8
23.Nd6+ Kb8 24.Nxf7 Rc8 25.O-O Nc5 26.Qxc7+ Kxc7 27.Nd6 Rf8 28.Rfd1 Rf4 29.Rac1 Kb6
30.Rc3 Nd7 31.Rb3+ Ka6 32.Ra3+ Kb6 33.Rb3+ Ka6 34.Rc1 Nxe5 35.Nb5 Rf7 36.Nc7+ Rxc7
37.Rxc7 Rd8 38.Re7 Rd6 39.Re3 Rc6 40.h3 Nc4 41.R3xe6  1-0

[Event "Rishon Le Ziyyon 9798"]
[Site "Rishon Le Ziyyon"]
[Date "1997.12.30"]
[Round "6"]
[White "Kaspi, Alexander"]
[Black "Postniy, Evgeny"]
[Result "1/2-1/2"]
[WhiteElo "2495"]
[BlackElo "2175"]

1.c4 c6 2.e4 d5 3.exd5 cxd5 4.cxd5 Nf6 5.Bb5+ Nbd7 6.Nc3 a6 7.Qa4 Rb8 8.Bxd7+ Qxd7
9.Qf4 Ra8 10.Nf3 Nxd5 11.Nxd5 Qxd5 12.O-O g6 13.Re1 Bg7 14.d4 e6 15.b3 O-O
16.Ne5 b5 17.Ba3 Bb7 18.f3 f6 19.Ng4 g5 20.Qe3 Rfe8 21.Rac1 Qd7 22.Bb2 Bd5
23.Nf2 Rac8 24.Nd3 Rxc1 25.Rxc1 Rc8 26.Nc5 Qd6 27.b4 Rc6 28.a3 Kf7 29.Re1 h6
30.Qf2 f5 31.h4 Kg6 32.Rd1 Bf6 33.hxg5 hxg5 34.Rd2 Rc7 35.Nd3 Rh7 36.Ne5+ Bxe5
37.dxe5 Qd8 38.Qg3 f4 39.Qg4 Qe8 40.g3 fxg3 41.Rg2 Qf7 42.Rxg3  1/2-1/2

[Event "Rishon Le Ziyyon 9798"]
[Site "Rishon Le Ziyyon"]
[Date "1997.12.30"]
[Round "6"]
[White "Fleish, Felix"]
[Black "Kundin, Alexander"]
[Result "1/2-1/2"]
[WhiteElo "2350"]
[BlackElo "2305"]

1.c4 c6 2.e4 d5 3.exd5 cxd5 4.cxd5 Nf6 5.Bb5+ Nbd7 6.Nc3 a6 7.Bxd7+ Qxd7
8.Nf3 Nxd5 9.O-O e6 10.Ne5 Qd6 11.d4 Be7 12.Ne4 Qd8 13.Qg4 O-O 14.Bh6 Bf6
15.Rad1 Kh8 16.Bg5 Be7 17.Rd3 f5 18.Qh4 Kg8 19.Bxe7 Nxe7 20.Nc3 Bd7 21.Re1 Rc8
22.Ree3 h6 23.Qh5 Be8 24.Qd1 Nd5 25.Re1 Nf4 26.Rg3 Kh7 27.Qd2 Nd5 28.Nxd5 Qxd5
29.Qb4 Rg8 30.Rc3 Bc6 31.Nxc6 bxc6 32.Qc4  1/2-1/2

[Event "Raiffeisen op-A 6th"]
[Site "Aschach"]
[Date "1997.12.31"]
[Round "7"]
[White "Teske, Henrik"]
[Black "Kuczynski, Robert"]
[Result "1-0"]
[WhiteElo "2515"]
[BlackElo "2495"]

1.c4 c6 2.d4 d5 3.Nc3 Nf6 4.Nf3 e6 5.Bg5 h6 6.Bxf6 Qxf6 7.e4 dxe4 8.Nxe4 Bb4+
9.Ke2 Qf4 10.Qc2 Be7 11.g3 Qc7 12.Bg2 Nd7 13.Rhe1 O-O 14.Kf1 e5 15.Nc3 Bf6
16.Ne4 Be7 17.Nc3 Bf6 18.d5 Nb6 19.dxc6 bxc6 20.b3 g6 21.Rad1 Bg7 22.Ne4 f5
23.Nd6 e4 24.Nh4 Ba6 25.Nxg6 Rf6 26.Nxf5 Rxf5 27.Bxe4 Rf7 28.Bf5 Nd5 29.Be6 Re8
30.Bxf7+ Qxf7 31.Rxe8+ Qxe8 32.Re1 Qf7 33.Kg1 Nb4 34.Qe4 c5 35.a3 Na2 36.Ne7+ Kh8
37.Nf5 Bf8 38.Qe6 Qxe6 39.Rxe6 Bb7 40.Rf6  1-0

[Event "Hastings Premier 9798"]
[Site "Hastings"]
[Date "1997.12.31"]
[Round "3"]
[White "Relange, Eloi"]
[Black "Rausis, Igors"]
[Result "1/2-1/2"]
[WhiteElo "2505"]
[BlackElo "2490"]

1.c4 c6 2.e4 d5 3.cxd5 cxd5 4.exd5 Nf6 5.Nc3 Nxd5 6.Nf3 Nc6 7.Bc4 Nb6 8.Bb3 Qd3
9.Bc2 Qa6 10.d4 Nb4 11.Be4 Be6 12.a3 N4d5 13.Ng5 Nxc3 14.Nxe6 Qc4 15.bxc3 Qxe6
16.Qe2 Rc8 17.Bd2 Qd7 18.Qf3 Nc4 19.Bxb7 Nxd2 20.Kxd2 Rc7 21.Ba6 f6 22.Qh5+ g6
23.Qb5 Bh6+ 24.Kc2 Qxb5 25.Bxb5+ Kf7 26.Rhe1 Bf4 27.g3 Bd6 28.f4 h5 29.h4 g5
30.hxg5 fxg5 31.fxg5 Bxg3 32.Re3 h4 33.Bd3 Kg7 34.Rf1 Rf8 35.Rxf8 Kxf8 36.Bf5 Bf4
37.Re4 Bxg5 38.Rg4 Bf6 39.Be6 Bg7 40.Rf4+ Bf6 41.Rg4 Bg7 42.Rxh4 Rc6 43.Bd5 Ra6
44.Rf4+ Ke8 45.a4 Kd8 46.Rg4 Bf6 47.Bb3 Ra5 48.Kd3 Rg5 49.Re4 e5 50.d5 Rg3+
51.Kc4 Kd7 52.a5 Rf3 53.Re2 Kc7 54.Bc2 e4 55.Bxe4 Rxc3+ 56.Kb5 Kd6  1/2-1/2

[Event "Rishon Le Ziyyon 9798"]
[Site "Rishon Le Ziyyon"]
[Date "1997.12.31"]
[Round "7"]
[White "Fridman, Daniel"]
[Black "Postniy, Evgeny"]
[Result "1/2-1/2"]
[WhiteElo "2480"]
[BlackElo "2175"]

1.c4 c6 2.d4 d5 3.Nf3 Nf6 4.Qc2 g6 5.Bf4 Bg7 6.e3 O-O 7.Nc3 Bf5 8.Qb3 Qb6
9.c5 Qxb3 10.axb3 Nbd7 11.h3 Rfe8 12.b4 a6 13.Be2 Nf8 14.Nd2 h5 15.Nb3 N6h7
16.Bh2 Rad8 17.Na5 Bc8 18.Na4 e5 19.dxe5 Nd7 20.f4 f6 21.Bd3 Nhf8 22.exf6 Nxf6
23.O-O-O Rxe3 24.Rhe1 Rxe1 25.Rxe1 Bf5 26.Bxf5 gxf5 27.Nb6 N6d7 28.Nxb7 Rb8
29.Nxd7 Nxd7 30.Nd6 Rxb4 31.Re8+ Nf8 32.Nxf5 Bxb2+ 33.Kd1 Bf6 34.Rc8 Rb1+
35.Ke2 Rb2+ 36.Kf3 Rb3+ 37.Ke2 Rb2+ 38.Kf1 Rb1+ 39.Ke2 Rb2+ 40.Kf3 Rb3+ 41.Ke2 Rb2+
42.Kf3  1/2-1/2

[Event "AUT-ch"]
[Site "Moesern"]
[Date "1997.??.10"]
[Round "11"]
[White "Casagrande, Harald"]
[Black "Weinzettl, Ernst"]
[Result "1-0"]
[WhiteElo "2345"]
[BlackElo "2410"]

1.c4 c6 2.Nf3 d5 3.e3 Nf6 4.b3 g6 5.Bb2 Bg7 6.Be2 O-O 7.O-O Bg4 8.d4 e6 9.Nbd2 Bxf3
10.Bxf3 Re8 11.Qe2 Nbd7 12.Rfd1 a5 13.g3 Qb6 14.Bc3 Rad8 15.Bg2 h5 16.h3 Qa6
17.Kf1 Qa7 18.a3 b6 19.b4 axb4 20.axb4 Qc7 21.Rdc1 Ra8 22.Kg1 Rxa1 23.Rxa1 e5
24.Rc1 exd4 25.Bxd4 Qd6 26.b5 cxb5 27.cxd5 Nc5 28.Qxb5 Rc8 29.Nc4 Qd7 30.Qb1 Na4
31.Qa1 b5 32.Ne5 Rxc1+ 33.Qxc1 Qd8 34.Qc6 Qa5 35.Nd3 b4 36.Bxf6  1-0

[Event "Viking op"]
[Site "Aaland-Stockholm"]
[Date "1997.??.??"]
[Round "?"]
[White "Hjartarson, Johann"]
[Black "Rause, Olita"]
[Result "1-0"]
[WhiteElo "2605"]
[BlackElo "2280"]

1.c4 c6 2.d4 d5 3.Nc3 Nf6 4.Nf3 e6 5.Qb3 Nbd7 6.g3 Bd6 7.Bg2 O-O 8.O-O Qe7
9.Rd1 dxc4 10.Qxc4 e5 11.e4 c5 12.dxe5 Nxe5 13.Bg5 Be6 14.Qe2 Rad8 15.Nh4 h6
16.Nf5 Bxf5 17.Nd5 Qe6 18.exf5 Qxf5 19.Bxf6 gxf6 20.b4 Nc6 21.Be4 Qg5 22.h4 Qg7
23.Ne3 Rfe8 24.Nf5 Qf8 25.Qh5  1-0

[Event "Alushta-C"]
[Site "Alushta"]
[Date "1997.??.??"]
[Round "7"]
[White "Murashko, Vyacheslav L"]
[Black "Barshevich, Veniamin"]
[Result "1-0"]
[WhiteElo "2430"]
[BlackElo "2235"]

1.c4 c6 2.Nc3 d5 3.cxd5 cxd5 4.d4 Nf6 5.Nf3 Nc6 6.Bf4 e6 7.e3 Nh5 8.Bg5 Qb6
9.a3 h6 10.Bh4 g5 11.Bg3 Nxg3 12.hxg3 Bg7 13.Bd3 g4 14.Nd2 h5 15.Rc1 Qd8
16.b4 e5 17.dxe5 Nxe5 18.Bb5+ Kf8 19.Nb3 a6 20.Bf1 Be6 21.Nd4 Rc8 22.Na4 Nd7
23.Be2 b5 24.Nb2 Nb6 25.Nd3 Na4 26.Nf4 Kg8 27.Nfxe6 fxe6 28.Nxe6 Qd7 29.Rxc8+ Qxc8
30.Nxg7 Qc3+ 31.Qd2 Kxg7 32.Qxc3+ Nxc3 33.Bd3 Kh6 34.f3 gxf3 35.gxf3 Kg5
36.Rh4 Rg8 37.Kd2 Na4 38.f4+ Kf6 39.Rxh5 Rxg3 40.Rxd5 Rg2+ 41.Ke1 Ra2 42.Rd6+ Ke7
43.Rxa6 Rxa3 44.Bxb5 Rxe3+ 45.Kf2 Re4 46.Rxa4  1-0

[Event "Andorra op"]
[Site "Andorra"]
[Date "1997.??.??"]
[Round "4"]
[White "Georgiev, Vladimir"]
[Black "Oms Pallise, Josep"]
[Result "1-0"]
[WhiteElo "2515"]
[BlackElo "2450"]

1.c4 c6 2.Nf3 Nf6 3.Nc3 d5 4.e3 e6 5.b3 Nbd7 6.Bb2 Bd6 7.Be2 O-O 8.O-O Qe7
9.Qc2 Re8 10.d4 dxc4 11.Bxc4 h6 12.e4 e5 13.Rae1 exd4 14.Nxd4 Ne5 15.Be2 Ng6
16.g3 Bb4 17.Bf3 Ne5 18.Bg2 Qc5 19.Rd1 Bg4 20.f3 Rad8 21.Qd2 Bc8 22.Kh1 Ng6
23.Na4 Qf8 24.Qc1 h5 25.Nf5 Bxf5 26.Rxd8 Rxd8 27.exf5 Ne7 28.Nc5 Nxf5 29.Nxb7 Bd2
30.Qb1 Ne3 31.Nxd8 Nxf1 32.Qd3 Ba5 33.Nxc6 Bb6 34.Qxf1  1-0

[Event "Andorra op"]
[Site "Andorra"]
[Date "1997.??.??"]
[Round "8"]
[White "Gamundi, Antonio"]
[Black "Fressinet, Laurent"]
[Result "1/2-1/2"]
[WhiteElo "2440"]
[BlackElo "2320"]

1.c4 c6 2.d4 d5 3.cxd5 cxd5 4.Nc3 Nf6 5.Bf4 Nc6 6.e3 a6 7.Nf3 Bg4 8.h3 Bxf3
9.Qxf3 e6 10.Bd3 Bd6 11.O-O O-O 12.Rac1 Rc8 13.Rfd1 h6 14.Bb1 b5 15.a4 b4
16.Ne2 Qe7 17.Bxd6 Qxd6 18.Qf4 Qd7 19.Bd3 Na5 20.Bxa6  1/2-1/2

[Event "Andorra op"]
[Site "Andorra"]
[Date "1997.??.??"]
[Round "9"]
[White "Georgiev, Vladimir"]
[Black "Prie, Eric"]
[Result "1/2-1/2"]
[WhiteElo "2515"]
[BlackElo "2470"]

1.c4 c6 2.Nf3 d5 3.e3 Nf6 4.Nc3 Bg4 5.cxd5 Bxf3 6.gxf3 cxd5 7.Qb3 Qd7 8.d4 Nc6
9.Bd2 e6 10.Rc1 Bd6 11.Bb5 O-O 12.Na4 Rfc8 13.Ke2 Rab8 14.Qd3 Rc7 15.Rc2 a6
16.Bxc6 Rxc6 17.Rhc1 Rxc2 18.Qxc2 Qb5+ 19.Ke1 e5 20.dxe5 Bxe5 21.Qf5 Re8
22.b3 g6 23.Qh3 d4 24.Rc8 Kg7 25.Nc5 dxe3 26.fxe3 Bc3 27.Rxe8 Bxd2+ 28.Kxd2 Nxe8
29.Ne4 Qa5+ 30.Nc3 Nd6 31.Qg3 Nf5 32.Qf4 Qc5 33.b4 Qe7 34.Nd5 Qe6 35.Qc4 Qd6
36.f4 Kh6 37.e4 Ne7 38.Qc5 Qxc5 39.bxc5 Nc6 40.Nf6 Kg7 41.e5 g5 42.Ke3 gxf4+
43.Kxf4 Nb4 44.Kf5 Nxa2 45.Ne8+ Kf8 46.Nd6 Nb4 47.Nxb7 Nc6 48.Kf6 a5 49.Nd6 a4
50.Nc4 Nb4 51.h4 Na6 52.c6 Nb4 53.Nb6 Nxc6 54.Nxa4 Ne7 55.Nc3 Ng8+ 56.Kg5 h6+
57.Kf5 Ne7+ 58.Kf6 Ng8+ 59.Kf5 Ne7+ 60.Ke4 h5 61.Ne2  1/2-1/2

[Event "BEL-chT 9798"]
[Site "Antwerp"]
[Date "1997.??.??"]
[Round "1"]
[White "Middelburg, Tom"]
[Black "Van Herck, Marcel"]
[Result "1-0"]
[WhiteElo "2245"]
[BlackElo "2205"]

1.c4 c6 2.b3 d5 3.Bb2 Nf6 4.Nf3 Bg4 5.e3 e6 6.Be2 Nbd7 7.d3 Qa5+ 8.Nbd2 Ba3
9.Qc1 Bxb2 10.Qxb2 O-O 11.O-O Qb4 12.h3 Bh5 13.d4 Qe7 14.Rfe1 Rfe8 15.Rad1 e5
16.cxd5 Nxd5 17.dxe5 Nxe5 18.Nxe5 Bxe2 19.Rxe2 Qxe5 20.Qxe5 Rxe5 21.Nc4 Ree8
22.Rd4 Nc3 23.Rc2 Ne4 24.Na5 c5 25.Rd7 b6 26.Nc6 a6 27.Rb7 b5 28.f3 Re6 29.Ne7+ Kf8
30.Nf5 g6 31.fxe4 gxf5 32.exf5 Re5 33.e4 Rc8 34.Rd2 Rc6 35.Rdd7 Rf6 36.Rbc7 h5
37.Kf2 Rxe4 38.Kf3 Re5 39.g4 hxg4+ 40.hxg4 Kg7 41.Kf4 Re2 42.Rxc5 Rf2+ 43.Kg3 Rxa2
44.g5 Rb6 45.Rcc7 Rb2 46.Rxf7+ Kg8 47.Rg7+ Kh8 48.Rh7+ Kg8 49.Rcg7+ Kf8 50.f6 Rxb3+
51.Kf4  1-0

[Event "Arco di Trento op1"]
[Site "Arco di Trento"]
[Date "1997.??.??"]
[Round "5"]
[White "Miles, Anthony J"]
[Black "Tischbierek, Raj"]
[Result "1/2-1/2"]
[WhiteElo "2550"]
[BlackElo "2490"]

1.c4 c6 2.e4 d5 3.cxd5 cxd5 4.exd5 Nf6 5.Bb5+ Nbd7 6.Nc3 g6 7.d4 Bg7 8.d6 exd6
9.Qe2+ Qe7 10.Bf4 a6 11.Bxd6 Qxe2+ 12.Bxe2 Nb6 13.Nf3 Be6 14.Ng5 Bc4 15.Bc5 Bxe2
16.Kxe2 Nbd7 17.Ba3 Bf8 18.Bxf8 Rxf8 19.Rhe1 O-O-O 20.Kf3 Nb6 21.Rad1 Nbd5
22.Nge4 Rd7 23.Nc5 Rc7 24.Rc1 Rd8 25.N5e4 Nxe4 26.Nxe4 Nb4 27.Rxc7+ Kxc7
28.Ng5 Nc6 29.Nxh7 Nxd4+ 30.Kg4 Ne6 31.Rc1+ Kb6 32.Rc2 Rh8 33.Nf6 Rxh2 34.Kg3 Rh8
35.Nd5+ Ka7 36.Nf4 Nxf4 37.Kxf4 Rh5 38.g4 Ra5 39.b3 Kb6 40.Re2 Kc6  1/2-1/2

[Event "AUT-chT2W 9798"]
[Site "Austria"]
[Date "1997.??.??"]
[Round "3"]
[White "Csrnko, Werner"]
[Black "Kondrak, Christoph"]
[Result "0-1"]
[WhiteElo "2060"]
[BlackElo "2095"]

1.c4 c6 2.Nc3 d5 3.cxd5 cxd5 4.d4 Nc6 5.Nf3 Nf6 6.Bf4 e6 7.e3 a6 8.h3 b5
9.a3 Bd6 10.Bxd6 Qxd6 11.Bd3 Bb7 12.O-O O-O 13.Rc1 Na5 14.Qc2 Rfc8 15.Nd2 h6
16.Nb3 Nc4 17.Nc5 Bc6 18.Qe2 Nd7 19.Nxd7 Qxd7 20.f4 f5 21.Rf3 Nd6 22.Rg3 a5
23.Qh5 Kf8 24.Qg6 b4 25.Ne2 Ba4 26.Rxc8+ Rxc8 27.Kh2 Bc2 28.Nc1 Bd1 29.Ne2 Bxe2
30.Bxe2 Ne4 31.Rf3 Rc2 32.Bd3 Rxb2 33.axb4 axb4 34.Rf1 Qe8 35.Qh7 Nf6 36.Qh8+ Kf7
37.Qxe8+ Nxe8 38.Rb1 Rxb1 39.Bxb1 Ke7 40.Kg1 Kd6 41.Kf2 b3 42.Ke2 Kc6 43.Bd3 Kb6
44.Kd2 Ka5 45.Kc3 Ka4 46.Kb2 Kb4 47.Be2 Nd6 48.g4 Nc4+  0-1

[Event "AUT-chT2W 9798"]
[Site "Austria"]
[Date "1997.??.??"]
[Round "6"]
[White "Enigl, Karl"]
[Black "Kondrak, Christoph"]
[Result "0-1"]
[WhiteElo "2200"]
[BlackElo "2095"]

1.c4 c6 2.Nf3 d5 3.d4 e6 4.g3 dxc4 5.Bg2 b5 6.O-O Bb7 7.a4 Nf6 8.Ne5 Nd5
9.e4 Nf6 10.b3 cxb3 11.axb5 cxb5 12.Qxb3 a6 13.d5 exd5 14.Re1 Be7 15.Nc3 O-O
16.exd5 b4 17.Nc4 Bc5 18.Be3 Bxe3 19.Nxe3 a5 20.Rac1 Nbd7 21.Na4 Re8 22.Qd3 Ba6
23.Qb3 Bb5 24.Nc3 Nc5 25.Qb2 Nd3 26.Qb1 Nxe1 27.Rxe1 bxc3 28.Qxb5 Rb8 29.Qd3 Rc8
30.Rc1 Qb6 31.Bf3 Qb2 32.Rc2 Qa1+ 33.Kg2 a4 34.g4 h6 35.h4 Nd7 36.d6 Ne5
37.Qd5 Rcd8 38.Be2 Qa3 39.f4 Ng6  0-1

[Event "AUT-chT2W 9798"]
[Site "Austria"]
[Date "1997.??.??"]
[Round "7"]
[White "Hausner, Ivan"]
[Black "Kostic, Vladimir"]
[Result "1-0"]
[WhiteElo "2410"]
[BlackElo "2425"]

1.c4 c6 2.e4 d5 3.exd5 cxd5 4.d4 Nf6 5.Nc3 e6 6.Nf3 Bb4 7.cxd5 exd5 8.Bb5+ Nc6
9.O-O O-O 10.Bg5 Bxc3 11.bxc3 Qd6 12.Bxc6 Qxc6 13.Ne5 Qa6 14.Qf3 Qe6 15.Bxf6 gxf6
16.Nd3 Qf5 17.Nf4 Rd8 18.Rfe1 Qg4 19.Qxg4+ Bxg4 20.Re3 Kf8 21.h3 Bf5 22.Nh5 Rac8
23.g4 Bg6 24.Nxf6 Rc6 25.g5 h6 26.h4 hxg5 27.hxg5 Kg7 28.Rae1 Rxf6 29.gxf6+ Kxf6
30.Rf3+ Kg7 31.Re7 Rb8 32.Rd7 b5 33.Rxa7 Bb1 34.a4 Rc8  1-0

[Event "AUT-chT9697"]
[Site "Austria"]
[Date "1997.??.??"]
[Round "11"]
[White "Herzog, Adolf"]
[Black "Bawart, Markus"]
[Result "1-0"]
[WhiteElo "2385"]
[BlackElo "2255"]

1.c4 c6 2.b4 d5 3.cxd5 cxd5 4.Bb2 Nf6 5.Nf3 Qb6 6.a3 Nc6 7.e3 Bg4 8.b5 e5
9.Nc3 Na5 10.h3 Bxf3 11.Qxf3 Qe6 12.e4 Rd8 13.exd5 Nxd5 14.Nxd5 Rxd5 15.Bc3 Nb3
16.Bc4 e4 17.Qd1 Nxa1 18.Qxa1 Qd7 19.Bxd5 Qxd5 20.O-O Bc5 21.Bxg7 Rg8 22.Re1 Kd7
23.Qe5 Qxe5 24.Bxe5 f5 25.Rc1 b6 26.a4 Ke6 27.Bf4 a6 28.a5 Rc8 29.axb6  1-0

[Event "AUT-chT2O 9697"]
[Site "Austria"]
[Date "1997.??.??"]
[Round "11"]
[White "Heimberger, Reinhard"]
[Black "Cibulka, Vladimir"]
[Result "1/2-1/2"]
[WhiteElo "2245"]
[BlackElo "2295"]

1.c4 c6 2.Nf3 Nf6 3.Nc3 d5 4.e3 g6 5.b3 Bg7 6.Bb2 O-O 7.Be2 Bg4 8.d4 Nbd7
9.O-O Re8 10.h3 Bxf3 11.Bxf3 e6 12.g3 Qb6 13.Rb1 Rad8 14.Bg2 Qa6 15.cxd5  1/2-1/2

[Event "Wch Seniors"]
[Site "Bad Wildbad"]
[Date "1997.??.??"]
[Round "7"]
[White "Barlo, Werner"]
[Black "Mayer, Albert"]
[Result "0-1"]
[WhiteElo "1649"]
[BlackElo "1779"]

1.c4 c6 2.Nc3 d5 3.cxd5 cxd5 4.d4 Nf6 5.Nf3 Nc6 6.Bf4 e6 7.a3 Be7 8.h3 O-O
9.e3 a6 10.Bd3 Bd6 11.Bxd6 Qxd6 12.Qc2 h6 13.O-O b5 14.e4 dxe4 15.Nxe4 Nxe4
16.Bxe4 Bb7 17.Rad1 Rac8 18.Qe2 Na5 19.Bxb7 Nxb7 20.Qd2 Rfd8 21.Rfe1 Qb6
22.Re4 Rd5 23.Rg4 Kh8 24.Ne5 Rc7 25.Qf4 Nd6 26.Rd3 Nf5 27.Qd2 Qd6 28.Rf4 Qd8
29.g4 Nd6 30.Rdf3 Kg8 31.Rc3 g5 32.Rxc7 Qxc7 33.Rf3 Kg7 34.Rc3 Qa7 35.Rd3 Qc7
36.b3 Qb6 37.Kg2 a5 38.f4 f6 39.Nd7 Qc6 40.Nc5 Rxc5+ 41.Kg1 Rc1+  0-1